Čelovečeskij faktor obščestvennogo proizvodstva

Guardado en:
Detalles Bibliográficos
Autor principal: Belkin, Jevgenij Valer'jevič
Formato: Libro
Lenguaje:ruso
Publicado: Moskva Mysl' 1989
Edición:1. izd.
Etiquetas: Agregar Etiqueta
Sin Etiquetas, Sea el primero en etiquetar este registro!

MARC

LEADER 00000nam a2200000 4500
001 c028596
005 20221215135259.3
041 0 |a rus 
044 |a RU 
245 1 0 |a Čelovečeskij faktor obščestvennogo proizvodstva  |c Jevgenij Valer'jevič Belkin 
250 |a 1. izd. 
264 1 |a Moskva  |b Mysl'  |c 1989 
300 |a 176 s. 
100 1 |a Belkin, Jevgenij Valer'jevič